000 00662nam a22002057a 4500
003 0
005 20250829155536.0
008 250829b xxu||||| |||| 00| 0 eng d
020 _a978-1-5296-6811-7
050 _aLB 1628.5
_b.F73 2025
100 _aFrater, Glynis,
_eauthor.
245 _aSecondary curriculum design and delivery /
_cGlynis Frater.
260 _aLondon :
_bCorwin, a Sage Company,
_c2025.
300 _aix, 224 pages :
_billustrations ;
_c25 cm.
504 _aIncludes bibliographical references and index.
650 _aEducation, Secondary
_xCurricula.
650 _aCurriculum planning.
650 _aCurriculum change.
942 _2lcc
_cBK
999 _c367697
_d367697